000 00701nam a2200205Ia 4500
005 20260121110405.0
008 008 260114s9999 xx 000 0 hin d
020 _a9788132371649
037 _aEBOOK
040 _aCRL
_bhin
_cCRL
041 _ahin
_2hin
084 _qCRL
100 _aचेतना गुप्ता / Chetna Gupta
_9945584
245 0 _aपेंटिंग और वॉल कवरिंग में करियर / Painting Aur Wall Covering Mein Career
260 _bभाषा प्रकाशन / Bhasha Prakashan
_c2022
856 _uhttps://bhashaprakashan.com/product-details/380254
942 _cEBOOK
999 _c1537248
_d1537248